000 00301nam a22001457a 4500
008 230419b ||||| |||| 00| 0 eng d
020 _a978083843987
041 _aeng
080 _a7
082 _a7SHO
100 _a19
101 _aART
245 _aWRITE IDEAS
_cSHOEMAKER.C
942 _2udc
_cBK
999 _c59609
_d59609